000 00304nam a22001337a 4500
008 170401b xxu||||| |||| 00| 0 eng d
020 _a9780316512930
041 _aeng
080 _a617
100 _a8
101 _aSHM
245 _aREVIEW MANUAL FOR OPHTALMOLOGY
_cLAMKIN. J.C
942 _2udc
_cBK
999 _c9357
_d9357